Zimbabwean sign language dictionary : (Record no. 140042)

MARC details
000 -LEADER
fixed length control field 00631nam a2200193 a 4500
008 - FIXED-LENGTH DATA ELEMENTS--GENERAL INFORMATION
fixed length control field
049 ## - LOCAL HOLDINGS (OCLC)
Holding library MAIN
090 ## - LOCALLY ASSIGNED LC-TYPE CALL NUMBER (OCLC); LOCAL CALL NUMBER (RLIN)
Classification number (OCLC) (R) ; Classification number, CALL (RLIN) (NR) HV2475
Local cutter number (OCLC) ; Book number/undivided call number, CALL (RLIN) ZIM
003 - CONTROL NUMBER IDENTIFIER
control field
005 - DATE AND TIME OF LATEST TRANSACTION
control field 20230123125342.0
040 ## - CATALOGING SOURCE
Transcribing agency NUST
245 10 - TITLE STATEMENT
Title Zimbabwean sign language dictionary :
Remainder of title a project of King George VI Centre and School /
Statement of responsibility, etc. edited by Sindile Kevin Mhlanga.
260 ## - PUBLICATION, DISTRIBUTION, ETC.
Place of publication, distribution, etc. Bulawayo :
Name of publisher, distributor, etc. King George VI School and Centre,
Date of publication, distribution, etc. 2011.
300 ## - PHYSICAL DESCRIPTION
Extent xiii, 302 p. :
Other physical details ill. ;
Dimensions 30 cm.
650 ## - SUBJECT ADDED ENTRY--TOPICAL TERM
Topical term or geographic name entry element Sign Language.
700 ## - ADDED ENTRY--PERSONAL NAME
Personal name Mhlanga, Sindile Kevin.
907 ## - LOCAL DATA ELEMENT G, LDG (RLIN)
a .b10303376
b 10-01-12
c 08-11-11
942 ## - ADDED ENTRY ELEMENTS (KOHA)
Koha item type Ordinary Loan Books
Call number prefix HV2475
Call number suffix ZIM
Holdings
Date last seen Total Checkouts Full call number Barcode Cost, replacement price Price effective from Koha item type Lost status Source of classification or shelving scheme Damaged status Not for loan Collection Withdrawn status Home library Current library Shelving location Date acquired Cost, normal purchase price
01/23/2023   HV2475 ZIM 92004030313 80.00 01/23/2023 BOOKS   LCC     NFIC   MAIN MAIN GEN 01/23/2023 80.00